Statistiques concernant Films avec Claude Brasseur par image

Cliquez ici pour prendre le quiz!

Statistiques générales

  • Ce quiz a été pris 38 fois
  • Le résultat moyen est 4 sur 16

Statistiques - réponses

Réponse% Correct
Camping
89%
La Boum
81%
Un éléphant ça trompe énormément
58%
Chouchou
28%
Le Souper
28%
Le Viager
25%
Les Seins de glace
22%
La Guerre des polices
19%
La Crime
17%
Malabar Princess
17%
L'Etudiante et Monsieur Henri
14%
Une histoire simple
14%
Le Grand Escogriffe
11%
L'Union sacrée
8%
Nous irons à Deauville
8%
Tout le monde debout
3%

Distribution des résultats

Percentile par nombre de réponses

% des personnes avec chaque résultat

Votre développement - résultats

Vous n’avez pas pris ce quiz